000 01583nam a2200277 a 4500
003 AM-YeHGA
040 _aAM-YeHGA
090 _c432129
005 20250618075104.0
008 190208s2018 ai a|||gr||||o000|0darm||
020 _a9789939686714
041 0 _aarm
100 1 _aՄարկուս, Ավրելիուս Անտոնինուս
245 1 0 _aԽորհրդածություններ =
_b TA EIΣ EAYTON /
_cՄ.Ա. Անտոնինուս ; Հին հունարենից թարգմանությունը, առաջաբանը և ծանոթագրությունները՝ Գ. Մուրադյանի, Ա. Թոփչյանի.
246 _aTA EIΣ EAYTON
260 _aԵրևան :
_bԶանգակ հրատ.,
_c2018.
300 _a247 էջ + 8 էջ ներդիր :
_bնկար ;
_c22 սմ.
500 _aԳիրքը՝ սուպեր շապիկով:
500 _aՀեղինակը Հռոմի կայսրն է և փիլիսոփայական երկը հասցեագրել է ինքն իրեն:
504 _aՏողատակում՝ մատենագիտական ծանոթագրություններ: Գրականության ցանկ՝ 246:
600 0 4 _aՄարկուս, Ավրելիուս Անտոնինուս
650 1 4 _aՀռոմեական փիլիսոփաներ
700 1 _aՄուրադյան, Գոհար Սարգսի,
_d1957-
_eթարգմանիչ
_4trl
_eառաջաբանի հեղ.
_4aui
_eծանոթագրող
_4cmm
_98743
700 1 _aԹոփչյան, Արամ Ստեփանի,
_d1962-
_eթարգմանիչ
_4trl
_eառաջաբանի հեղ.
_4aui
_eծանոթագրող
_4cmm
_93359
942 _2udc
_cBK
999 _c429583
_d429583